000 00273nam a22001217a 4500
008 181018b xxu||||| |||| 00| 0 eng d
041 _aeng
080 _a159.9
100 _a49
101 _aPSI
245 _aAbnormal Psychology and Life
_cKearney, Ch.A
942 _2udc
_cBK
999 _c50127
_d50127